| 000 | 00404nam a22001577a 4500 | ||
|---|---|---|---|
| 003 | OSt | ||
| 005 | 20220318145302.0 | ||
| 008 | 220318b |||||||| |||| 00| 0 eng d | ||
| 020 | _a9284406218 | ||
| 040 | _cHU | ||
| 082 | _a910.4 SUS 2003 | ||
| 100 | _a- | ||
| 245 | _aSustainable Development of Ecotourism: A ompilation of Good Practices in SMEs. | ||
| 300 |
_a305p _bpc _c30cm |
||
| 942 |
_2ddc _cBOOKS _n0 |
||
| 999 |
_c33138 _d33138 |
||